| 000 | 00611nam a2200193Ia 4500 | ||
|---|---|---|---|
| 003 | IN-BaIIA | ||
| 008 | 211028s9999 xx 000 0 eng d | ||
| 020 | _a978-1-78634-514-1 | ||
| 040 | _cIIA Library | ||
| 080 |
_a523.9 _bBEL |
||
| 100 |
_aBellan, Paul M _930154 |
||
| 245 | 0 |
_aMagnetic helicity, spheromaks, solar corona loops, and astrophysical jets _cPaul M Bellan |
|
| 260 |
_aNew Jersey _bWorld Scientific _c2018 |
||
| 300 | _axxii, 630p. | ||
| 650 |
_aMagnetohydrodynamics _91666 |
||
| 650 | _aSolar Corona | ||
| 650 |
_aSpheromaks _923999 |
||
| 942 | _cBK | ||
| 999 |
_c19392 _d19392 |
||